LEADER 00987nam0 22002771i 450 001 UON00096094 005 20231205102533.998 100 $a20020107d1981 |0itac50 ba 101 $aita 102 $aIT 105 $a|||| 1|||| 200 1 $aSintassi$fPeter H. Matthews 210 $aBologna$cIl Mulino$dc1981 215 $a351 p.$d22 cm 410 1$1001UON00010398$12001 $aˆLa ‰Nuova Scienza$v24 606 $aLinguistica$xStudi$3UONC019051$2FI 620 $aIT$dBologna$3UONL000085 676 $a415$cGrammatica$v21 700 1$aMATTHEWS$bPeter H.$3UONV061797$0440123 712 $aIl Mulino$3UONV245824$4650 801 $aIT$bSOL$c20250606$gRICA 899 $aSIBA - SISTEMA BIBLIOTECARIO DI ATENEO$2UONSI 912 $aUON00096094 950 $aSIBA - SISTEMA BIBLIOTECARIO DI ATENEO$dSI GLOTT A 1 III 027 $eSI MC 7502 5 027 996 $aSyntax. - Bologna : Il Mulino$93625942 997 $aUNIOR